Points of Contact : The Shared Intellectual History of Vocalisation in Syriac, Arabic, and Hebrew.

This book investigates the theories behind Semitic vocalisation and vowel phonology in the early medieval Middle East, tracing their evolution to identify points of intellectual contact between Syriac, Arabic, and Hebrew linguists before the twelfth century.

Bibliographic Details
Main Author: Posegay, Nick.
Format: eBook
Language:English
Published: Cambridge, UK : Open Book Publishers, 2021.
Edition:1st ed.
Series:Semitic Languages and Cultures Series
Subjects:
Online Access:Click to View
LEADER 02124nam a22004093i 4500
001 EBC6850555
003 MiAaPQ
005 20231204023220.0
006 m o d |
007 cr cnu||||||||
008 231204s2021 xx o ||||0 eng d
020 |a 9781800642980  |q (electronic bk.) 
020 |z 9781800642973 
035 |a (MiAaPQ)EBC6850555 
035 |a (Au-PeEL)EBL6850555 
035 |a (OCoLC)1293246039 
040 |a MiAaPQ  |b eng  |e rda  |e pn  |c MiAaPQ  |d MiAaPQ 
082 0 |a 492 
100 1 |a Posegay, Nick. 
245 1 0 |a Points of Contact :  |b The Shared Intellectual History of Vocalisation in Syriac, Arabic, and Hebrew. 
250 |a 1st ed. 
264 1 |a Cambridge, UK :  |b Open Book Publishers,  |c 2021. 
264 4 |c Ã2021. 
300 |a 1 online resource (392 pages) 
336 |a text  |b txt  |2 rdacontent 
337 |a computer  |b c  |2 rdamedia 
338 |a online resource  |b cr  |2 rdacarrier 
490 1 |a Semitic Languages and Cultures Series ;  |v v.10 
505 0 |a Intro -- Acknowledgements -- 1. Introduction -- 2. Conceptualising Vowels -- 3. Early Relative Vowel Phonology -- 4. The Development of Absolute Vowel Naming -- 5. Conclusion -- 6. Glossary of Selected Vocalisation Terminology -- References -- Index. 
520 |a This book investigates the theories behind Semitic vocalisation and vowel phonology in the early medieval Middle East, tracing their evolution to identify points of intellectual contact between Syriac, Arabic, and Hebrew linguists before the twelfth century. 
588 |a Description based on publisher supplied metadata and other sources. 
590 |a Electronic reproduction. Ann Arbor, Michigan : ProQuest Ebook Central, 2023. Available via World Wide Web. Access may be limited to ProQuest Ebook Central affiliated libraries.  
655 4 |a Electronic books. 
776 0 8 |i Print version:  |a Posegay, Nick  |t Points of Contact  |d Cambridge, UK : Open Book Publishers,c2021  |z 9781800642973 
797 2 |a ProQuest (Firm) 
830 0 |a Semitic Languages and Cultures Series 
856 4 0 |u https://ebookcentral.proquest.com/lib/matrademy/detail.action?docID=6850555  |z Click to View